书目信息 |
| 题名: |
过程装备与控制工程
|
|
| 作者: | ;教育部高等学校机械学科过程装备与控制工程教学指导分委员会 编 | |
| 分册: | ||
| 出版信息: | 北京 化学工业出版社 2009.07 |
|
| 页数: | 626页 | |
| 开本: | 29cm | |
| 丛书名: | ||
| 单 册: | ||
| 中图分类: | TQ056.8-53 | |
| 科图分类: | ||
| 主题词: | 化工设备--自动控制--文集 , 化工设备 , 自动控制 | |
| 电子资源: | ||
| ISBN: | 978-7-122-06088-4 | |
| 000 | 01390nam0 2200265 450 | |
| 001 | 010010038904 | |
| 005 | 20140609155541.56 | |
| 010 | @a978-7-122-06088-4@dCNY200.00 | |
| 100 | @a20090813d2009 em y0chiy0110 ea | |
| 101 | 0 | @achi |
| 102 | @aCN@b110000 | |
| 105 | @aak z 000yy | |
| 106 | @ar | |
| 200 | 1 | @a过程装备与控制工程@9guo cheng zhuang bei yu kong zhi gong cheng@e第十一届全国高等学校过程装备与控制工程专业教学改革与学科建设成果校际交流会论文集@f教育部高等学校机械学科过程装备与控制工程教学指导分委员会编 |
| 210 | @a北京@c化学工业出版社@d2009.07 | |
| 215 | @a626页@c图@d29cm | |
| 330 | @a本论文集收录的论文分过程装备与控制工程专业本科教学质量与教学改革、化工过程机械学科建设、“十一五”科技发展及产学研结合等部分。 | |
| 517 | 1 | @a第十一届全国高等学校过程装备与控制工程专业教学改革与学科建设成果校际交流会论文集@9di shi yi jie quan guo gao deng xue xiao guo cheng zhuang bei yu kong zhi gong cheng zhuan ye jiao xue gai ge yu xue ke jian she cheng guo xiao ji jiao liu hui lun wen ji |
| 606 | 0 | @a化工设备@x自动控制@j文集 |
| 606 | 0 | @a化工设备 |
| 606 | 0 | @a自动控制 |
| 690 | @aTQ056.8-53@v4 | |
| 711 | 02 | @a教育部高等学校机械学科过程装备与控制工程教学指导分委员会@9jiao yu bu gao deng xue xiao ji xie xue ke guo cheng zhuang bei yu kong zhi gong cheng jiao xue zhi dao fen wei yuan hui@4编 |
| 801 | 0 | @aCN@bRENTIAN@c20090813 |
| 905 | @b549827-29@dTQ056.8-53@e226@f3 | |
| 过程装备与控制工程:第十一届全国高等学校过程装备与控制工程专业教学改革与学科建设成果校际交流会论文集/教育部高等学校机械学科过程装备与控制工程教学指导分委员会编.-北京:化学工业出版社,2009.07 |
| 626页:图;29cm |
| ISBN 978-7-122-06088-4:CNY200.00 |
| 本论文集收录的论文分过程装备与控制工程专业本科教学质量与教学改革、化工过程机械学科建设、“十一五”科技发展及产学研结合等部分。 |
| ● |
| 相关链接 |
|
|
|
|
正题名:过程装备与控制工程
索取号:TQ056.8-53/226
 
预约/预借
| 序号 | 登录号 | 条形码 | 馆藏地/架位号 | 状态 | 备注 |
| 1 | 549827 | 205498273 | 第二样本阅览室/ [索取号:TQ056.8-53/226] | 在馆 | |
| 2 | 549828 | 205498282 | 第三借阅区/ [索取号:TQ056.8-53/226] | 在馆 | |
| 3 | 549829 | 205498291 | 第三借阅区/ [索取号:TQ056.8-53/226] | 在馆 |